Grob basic electronics / (Record no. 11541)

000 -LEADER
fixed length control field 00849cam a2200241 a 4500
020 ## - INTERNATIONAL STANDARD BOOK NUMBER
ISBN 0028007689 (math text)
020 ## - INTERNATIONAL STANDARD BOOK NUMBER
ISBN 0028007646 (lab manual)
020 ## - INTERNATIONAL STANDARD BOOK NUMBER
ISBN 0028007662 (workbook)
020 ## - INTERNATIONAL STANDARD BOOK NUMBER
ISBN 002800762X
020 ## - INTERNATIONAL STANDARD BOOK NUMBER
ISBN 0028007719
040 ## - CATALOGING SOURCE
Transcribing agency DLC
082 00 - DEWEY DECIMAL CLASSIFICATION NUMBER
Classification number 621 GLE 1992 A037 Or.
100 1# - MAIN ENTRY--AUTHOR NAME
Personal name Grob, Bernard.
245 10 - TITLE STATEMENT
Title Grob basic electronics /
250 ## - EDITION STATEMENT
Edition statement 7th ed.
260 ## - PUBLICATION, DISTRIBUTION, ETC. (IMPRINT)
Place of publication Lake Forest, Ill. :
Name of publisher Glencoe,
Year of publication c1992.
300 ## - PHYSICAL DESCRIPTION
Number of Pages xi, 930 p. :
Other physical details ill. (some col.) ;
Dimensions 27 cm. +
Accompanying material 1 computer disc (3 1/2 in.)
500 ## - GENERAL NOTE
General note System requirements for computer disc: IBM PC; DOS; CGA card (VGA or EGA card required for color display).
650 #0 - SUBJECT ADDED ENTRY--TOPICAL TERM
Topical Term Electronics.
856 42 - ELECTRONIC LOCATION AND ACCESS
Uniform Resource Identifier http://www.loc.gov/catdir/enhancements/fy0602/93107308-d.html
856 41 - ELECTRONIC LOCATION AND ACCESS
Uniform Resource Identifier http://www.loc.gov/catdir/enhancements/fy0602/93107308-t.html
942 ## - ADDED ENTRY ELEMENTS (KOHA)
Koha item type សៀវភៅភាសាអង់គ្លេស
952 ## - LOCATION AND ITEM INFORMATION (KOHA)
Withdrawn status [LOCAL, KOHA] 0
952 ## - LOCATION AND ITEM INFORMATION (KOHA)
Withdrawn status [LOCAL, KOHA] 0
952 ## - LOCATION AND ITEM INFORMATION (KOHA)
Withdrawn status [LOCAL, KOHA] 0
Holdings
Permanent Location Date acquired Koha item type Lost status Shelving location Barcode Current Location Full call number
Library Block A2017-08-03សៀវភៅភាសាអង់គ្លេស A037A09892Library Block A621 GLE 1992 A037 Or.
Library Block A2017-08-03សៀវភៅភាសាអង់គ្លេស A037A15677Library Block A621 GLE 1992 A037 Or.
Library Block A2017-08-09សៀវភៅភាសាអង់គ្លេស A041A16882Library Block A621 GLE 1992 A041 Or.
មជ្ឈមណ្ឌលឯការនៃសាកលវិទ្យាល័យភូមិន្ទកសិកម្មចំការដូង

Powered by Koha